000 00420nam a2200121Ia 4500
008 220204s9999 xx 000 0 und d
082 _a574.2(1-14)
_bSAT
100 _aSathis Chandran Nair
245 0 _aSouthern western ghats: A biodiversity conservation plan
260 _aNew Delhi
_bIndian National Trust for Art and Cultural heritage
_c1991
490 _aStudies in ecology and sustainable development 4
942 _cBK
999 _c40734
_d40734